Cambodian Red Cross,កាកបាទក្រហមកម្ពុជា (Record no. 22032)
[ view plain ]
| 000 -LEADER | |
|---|---|
| fixed length control field | 00312nam a22001097a 4500 |
| 040 ## - CATALOGING SOURCE | |
| Transcribing agency | RUA |
| 082 ## - DEWEY DECIMAL CLASSIFICATION NUMBER | |
| Classification number | CRC NEW 2011 C332 Or. |
| 245 ## - TITLE STATEMENT | |
| Title | Cambodian Red Cross,កាកបាទក្រហមកម្ពុជា |
| 260 ## - PUBLICATION, DISTRIBUTION, ETC. (IMPRINT) | |
| Place of publication | phnom penh |
| Name of publisher | rua |
| Year of publication | 2011 |
| 300 ## - PHYSICAL DESCRIPTION | |
| Number of Pages | 64p. |
| Other physical details | ill. |
| Dimensions | 29cm.0125458856611854 |
| 942 ## - ADDED ENTRY ELEMENTS (KOHA) | |
| Koha item type | ឯកសារស្រាវជ្រាវ |
| 952 ## - LOCATION AND ITEM INFORMATION (KOHA) | |
| Withdrawn status [LOCAL, KOHA] | 0 |
| Permanent Location | Date acquired | Koha item type | Lost status | Shelving location | Barcode | Current Location | Full call number |
|---|---|---|---|---|---|---|---|
| Library Block C | 2023-10-19 | ឯកសារស្រាវជ្រាវ | C332 | a73069 | Library Block C | CRC NEW 2011 C332 Or. |